Name every person in the family Madrigal (Encanto) - Statistics

General Stats
  • This quiz has been taken 260 times
  • The average score is 9 of 12
Answer Stats
Answer % Correct
Mirabel
87%
Pepa
82%
Bruno
81%
Isabela
80%
Luisa
79%
Abuela
78%
Dolores
74%
Antonio
72%
Camilo
71%
Julieta
68%
Felix
65%
Agustin
46%
No matching quizzes found
Score Distribution
Percent of People with Each Score
Percentile by Number Answered
Your Score History
You have not taken this quiz